[Event "World Blitz Women 2017"]
[Site "Riyadh KSA"]
[Date "2017.12.30"]
[Round "19.18"]
[White "Zawadzka, Jolanta"]
[Black "Zhukova, Natalia"]
[Result "0-1"]
[WhiteTitle "WGM"]
[BlackTitle "GM"]
[WhiteElo "2424"]
[BlackElo "2444"]
[WhiteFideId "1122320"]
[BlackFideId "14101513"]
[EventDate "2017.12.29"]

1. e4 e6 2. b3 d5 3. Bb2 Nf6 4. e5 Nfd7 5. Qg4 c5 6. f4 Nc6 7. Nf3 h5 8. Qg3 g6
9. Be2 Bh6 10. Ng5 Ndxe5 11. Nxf7 Nxf7 12. Qxg6 Ne7 13. Qf6 Bf8 14. Qh4 Rh7 15.
Bxh5 Nf5 16. Bxf7+ Rxf7 17. Qh5 Qh4+ 18. Qxh4 Nxh4 19. g3 Nf5 20. Na3 Bd7 21.
O-O-O O-O-O 22. Rde1 Bg7 23. c3 Rh8 24. Reg1 Bf6 25. Nc2 Rfh7 26. h4 Bc6 27. d4
Rg8 28. g4 Nxh4 29. g5 Be7 30. Ne3 cxd4 31. cxd4 Be8 32. Ng4 Bg6 33. Kd2 Rgh8
34. Ne5 Be4 35. Rh2 Nf3+ 36. Nxf3 Rxh2+ 37. Nxh2 Rxh2+ 38. Kc3 Bg6 39. b4 Bxb4+
40. Kxb4 Rxb2+ 41. Kc5 Kd7 42. a4 b6# 0-1

[Event "World Blitz Women 2017"]
[Site "Riyadh KSA"]
[Date "2017.12.30"]
[Round "19.19"]
[White "Hoang, Thi Bao Tram"]
[Black "Harika, Dronavalli"]
[Result "1-0"]
[WhiteTitle "WGM"]
[BlackTitle "GM"]
[WhiteElo "2410"]
[BlackElo "2504"]
[WhiteFideId "12401102"]
[BlackFideId "5015197"]
[EventDate "2017.12.29"]

1. d4 d6 2. e4 Nf6 3. Nc3 g6 4. g3 Bg7 5. Bg2 O-O 6. Nge2 c6 7. a4 a5 8. O-O Qc7
9. h3 Na6 10. Be3 Nb4 11. Qd2 e5 12. Rad1 Re8 13. f4 exd4 14. Nxd4 Bd7 15. Rf2
Rad8 16. Rdf1 Bc8 17. f5 Nd7 18. fxg6 fxg6 19. Rf7 Rf8 20. Rxg7+ Kxg7 21. Ne6+
Kg8 22. Nxc7 Ne5 23. Rxf8+ Kxf8 24. Bg5 Rd7 25. Ne6+ Kg8 26. Nd4 Rf7 27. b3 h5
28. Nce2 Na6 29. Nf4 Nc5 30. Nde2 Rd7 31. Nd3 Ncxd3 32. cxd3 Rf7 33. Nf4 Kh7 34.
d4 Nd7 35. Qe3 Nf8 36. e5 dxe5 37. dxe5 Ne6 38. Nxe6 Bxe6 39. Bf6 Rd7 40. Kh2
Rf7 41. Be4 Rd7 42. Qg5 Bf7 43. Qxh5+ 1-0

[Event "World Blitz Women 2017"]
[Site "Riyadh KSA"]
[Date "2017.12.30"]
[Round "19.20"]
[White "Batchimeg, Tuvshintugs"]
[Black "Khotenashvili, Bela"]
[Result "0-1"]
[WhiteTitle "IM"]
[BlackTitle "GM"]
[WhiteElo "2398"]
[BlackElo "2476"]
[WhiteFideId "4900839"]
[BlackFideId "13602640"]
[EventDate "2017.12.29"]

1. d4 g6 2. Nf3 Bg7 3. c4 c5 4. d5 d6 5. Nc3 e5 6. e4 Ne7 7. h4 h6 8. h5 g5 9.
Nd2 f5 10. Bd3 f4 11. Be2 Ng8 12. Bg4 Nf6 13. Be6 Na6 14. Nb5 Bxe6 15. dxe6 Nc7
16. Nxc7+ Qxc7 17. Qa4+ Qc6 18. Qxc6+ bxc6 19. f3 Ke7 20. Nb3 Kxe6 21. Bd2 Rab8
22. Bc3 Ne8 23. Na5 Kd7 24. O-O-O Nc7 25. Rd2 Ne6 26. Rhd1 Nd4 27. Bxd4 cxd4 28.
Nb3 Rb4 29. Rc2 Bf6 30. c5 d5 31. exd5 cxd5 32. c6+ Kd6 33. Nc5 Rc8 34. Nb7+ Ke6
35. Nc5+ Kf5 36. Nb7 Be7 37. a3 Rb6 38. Na5 Bd6 39. b4 Rc7 40. Rd3 g4 41. fxg4+
Kxg4 42. Re2 a6 43. Rc2 Kf5 44. Re2 Rbxc6+ 45. Nxc6 Rxc6+ 46. Kb2 e4 0-1

[Event "World Blitz Women 2017"]
[Site "Riyadh KSA"]
[Date "2017.12.30"]
[Round "19.21"]
[White "Berend, Elvira"]
[Black "Zatonskih, Anna"]
[Result "1/2-1/2"]
[WhiteTitle "WGM"]
[BlackTitle "IM"]
[WhiteElo "2303"]
[BlackElo "2452"]
[WhiteFideId "4000510"]
[BlackFideId "14101572"]
[EventDate "2017.12.29"]

1. e4 d5 2. exd5 Qxd5 3. Nc3 Qd6 4. d4 c6 5. Nf3 Bg4 6. Be2 Nf6 7. O-O e6 8. Ne5
Bxe2 9. Nxe2 Be7 10. Bf4 Qd8 11. c3 O-O 12. Ng3 Nbd7 13. Re1 Rc8 14. Qe2 Nd5 15.
Bd2 c5 16. dxc5 Bxc5 17. Nd3 Bb6 18. Rad1 Qh4 19. Qe4 Qf6 20. Nh5 Qg6 21. Qxg6
hxg6 22. Ng3 Rfd8 23. Bc1 N7f6 24. h3 a6 25. Kf1 Ba7 26. Ne5 Kf8 27. c4 Ne7 28.
b3 Nf5 29. Nxf5 gxf5 30. Rxd8+ Rxd8 31. Ke2 Ne4 32. Kf1 Nxf2 33. Be3 Bxe3 34.
Rxe3 Ne4 35. Ke1 f6 36. Nd3 Kf7 37. g4 g6 38. a4 Rd4 39. Nf4 g5 40. Ne2 Rd8 41.
a5 Nc5 42. gxf5 exf5 43. Rc3 Ne4 44. Re3 Nc5 45. Rc3 f4 46. b4 Ne4 47. Rc1 f3
48. Nc3 Rd3 49. Nxe4 Re3+ 50. Kf2 Rxe4 51. Kxf3 Rf4+ 52. Kg3 Rd4 53. b5 Rd3+ 54.
Kg2 axb5 55. cxb5 Kg6 56. Rc7 Ra3 57. Rxb7 Rxa5 58. Rb8 Ra2+ 59. Kg3 Ra3+ 60.
Kg2 Rb3 61. b6 Kf5 62. b7 Rb6 63. Kg3 Rb4 64. Kg2 Rb3 65. Kh2 Kf4 66. Rf8 Rb2+
67. Kg1 Rxb7 68. Rxf6+ Kg3 69. Kf1 Rb1+ 70. Ke2 Kxh3 71. Rf3+ Kg2 72. Rf2+ Kg3
73. Rf3+ Kg4 74. Ra3 Kh4 75. Kf2 g4 76. Kg2 Rb2+ 77. Kg1 Rc2 78. Kh1 Re2 79. Kg1
Rd2 80. Rb3 Rd5 81. Ra3 Rf5 82. Rb3 Kg5 83. Ra3 Re5 84. Rb3 Kf4 85. Ra3 Re4 86.
Rb3 g3 87. Ra3 Kg4 88. Ra1 Kh3 89. Rb1 Re2 90. Ra1 1/2-1/2

[Event "World Blitz Women 2017"]
[Site "Riyadh KSA"]
[Date "2017.12.30"]
[Round "19.22"]
[White "Voit, Daria"]
[Black "Belenkaya, Dina"]
[Result "0-1"]
[WhiteTitle "FM"]
[BlackTitle "WGM"]
[WhiteElo "2390"]
[BlackElo "2303"]
[WhiteFideId "4182146"]
[BlackFideId "24142654"]
[EventDate "2017.12.29"]

1. d4 d5 2. c4 dxc4 3. Nf3 Nf6 4. e3 e6 5. Bxc4 a6 6. O-O c5 7. dxc5 Bxc5 8.
Qxd8+ Kxd8 9. Be2 Ke7 10. Nbd2 Bd7 11. Ne5 Bb5 12. Bxb5 axb5 13. Nb3 Bd6 14. Nd3
Nc6 15. f3 Rhc8 16. e4 Nd7 17. f4 e5 18. Be3 Na5 19. Nxa5 Rxa5 20. Bd2 Ra4 21.
Rfe1 Rc2 22. Bc3 exf4 23. Bxg7 Nc5 24. e5 Bc7 25. Bf6+ Ke6 26. Nf2 Rxb2 27. Nh3
Nd3 28. Ng5+ Kf5 29. Red1 Nxe5 30. Bxe5 Bxe5 31. Nxf7 Bd4+ 32. Kh1 Rc2 33. Rab1
Be3 34. Rxb5+ Kf6 35. Ng5 Raxa2 36. Nf3 Rxg2 37. Rxb7 0-1

[Event "World Blitz Women 2017"]
[Site "Riyadh KSA"]
[Date "2017.12.30"]
[Round "19.24"]
[White "Mammadova, Gulnar"]
[Black "Mamedjarova, Zeinab"]
[Result "1-0"]
[WhiteTitle "IM"]
[BlackTitle "WGM"]
[WhiteElo "2357"]
[BlackElo "2363"]
[WhiteFideId "13403508"]
[BlackFideId "13401521"]
[EventDate "2017.12.29"]

1. e4 e5 2. Nf3 d6 3. d4 Nd7 4. Nc3 Ngf6 5. Bc4 Be7 6. O-O O-O 7. Re1 c6 8. a4
a5 9. Ba2 Qc7 10. h3 exd4 11. Nxd4 Re8 12. Nf5 Bf8 13. Bg5 d5 14. exd5 Rxe1+ 15.
Qxe1 cxd5 16. Ne7+ Kh8 17. Nexd5 Nxd5 18. Nxd5 Qe5 19. Qxe5 Nxe5 20. Nb6 Rb8 21.
Bf4 f6 22. Bxe5 fxe5 23. Re1 Bf5 24. Bb3 Bc5 25. Rxe5 Bxc2 26. Rxc5 Bxb3 27.
Rxa5 Rd8 28. Rb5 Bc2 29. a5 h6 30. b4 Rd1+ 31. Kh2 Rd2 32. Kg3 Rd3+ 33. f3 Rd2
34. Rd5 Re2 35. Rd7 Bf5 36. Rxb7 Rb2 37. a6 Ra2 38. a7 1-0

[Event "World Blitz Women 2017"]
[Site "Riyadh KSA"]
[Date "2017.12.30"]
[Round "19.25"]
[White "Arakhamia-Grant, Ketevan"]
[Black "Shuvalova, Polina"]
[Result "1-0"]
[WhiteTitle "GM"]
[BlackTitle "WIM"]
[WhiteElo "2350"]
[BlackElo "2385"]
[WhiteFideId "13600168"]
[BlackFideId "24171760"]
[EventDate "2017.12.29"]

1. e4 c6 2. d4 d5 3. e5 Bf5 4. Nd2 e6 5. Nb3 Nd7 6. Nf3 Ne7 7. Be2 Ng6 8. O-O f6
9. exf6 Qxf6 10. Bg5 Qf7 11. h3 Bd6 12. Qd2 O-O 13. Nc1 e5 14. dxe5 Ndxe5 15.
Nxe5 Nxe5 16. Nd3 Rae8 17. b3 Qg6 18. Kh1 Nxd3 19. Bxd3 Bxd3 20. cxd3 h6 21. Be3
Be5 22. d4 Bc7 23. Rae1 Qd6 24. g3 Qg6 25. Kh2 Kh8 26. Qc1 Bd6 27. Bd2 Re4 28.
Rxe4 dxe4 29. Be3 Rf3 30. Rg1 Qf5 31. Qd2 h5 32. Kg2 Qg6 33. Kf1 Qe6 34. h4 Qh3+
35. Ke1 Qh2 36. Rf1 Qg2 37. Qe2 a6 38. Kd1 Bxg3 39. Bg5 Rd3+ 40. Kc2 Qf3 41.
Qxf3 Rxf3 42. Re1 Rxf2+ 43. Kd1 Rxa2 44. Rxe4 Rb2 45. Re3 Kh7 46. Rxg3 a5 47.
Kc1 Re2 48. Rd3 Re4 49. d5 cxd5 50. Rxd5 a4 51. bxa4 Rxa4 52. Rb5 Rc4+ 53. Kd2
Rc7 54. Bf4 Rd7+ 55. Kc3 g6 56. Bg5 Kg8 57. Re5 Kf7 58. Kc4 Rc7+ 59. Kb5 Rd7 60.
Kc5 Kg7 61. Kb6 Kf7 62. Re3 Kg7 63. Re7+ Rxe7 64. Bxe7 Kf7 65. Bg5 Kg8 66. Kxb7
Kg7 67. Kc6 Kf7 68. Kd5 Kg7 69. Ke6 Kh8 70. Kf6 Kh7 71. Kf7 Kh8 72. Kxg6 1-0

[Event "World Blitz Women 2017"]
[Site "Riyadh KSA"]
[Date "2017.12.30"]
[Round "19.26"]
[White "Socko, Monika"]
[Black "Karavade, Eesha"]
[Result "1/2-1/2"]
[WhiteTitle "GM"]
[BlackTitle "IM"]
[WhiteElo "2471"]
[BlackElo "2384"]
[WhiteFideId "1106619"]
[BlackFideId "5012600"]
[EventDate "2017.12.29"]

1. d4 Nf6 2. c4 e6 3. g3 d5 4. Bg2 Bb4+ 5. Bd2 Bd6 6. Qc2 O-O 7. Nf3 c6 8. O-O
Nbd7 9. Rd1 Qe7 10. Nc3 b6 11. b3 Bb7 12. Rac1 Rac8 13. e4 dxe4 14. Nxe4 Nxe4
15. Qxe4 Nf6 16. Qh4 c5 17. Bg5 cxd4 18. Nxd4 Bxg2 19. Kxg2 Bc5 20. f3 a6 21.
Bxf6 Qxf6 22. Qxf6 gxf6 23. Ne2 Rfd8 24. Nc3 Ba3 25. Rb1 f5 26. Rxd8+ Rxd8 27.
Rd1 Rxd1 28. Nxd1 b5 29. cxb5 axb5 30. Kf2 Bc5+ 31. Ke2 b4 32. Kd3 h5 33. Kc4
Bg1 34. h3 Bh2 35. Kxb4 Bxg3 36. a4 e5 37. a5 e4 38. fxe4 fxe4 39. a6 Bb8 40.
Kc5 f5 41. Kc6 Ba7 42. Kd5 e3 43. Nc3 Kf7 44. Ke5 Kg6 45. Kf4 Bd4 46. Ne2 Bb6
47. b4 Kf6 48. Kf3 Ke5 49. Nf4 Kd4 50. b5 Kc3 51. Nd5+ Kd3 52. Nxb6 e2 53. a7
e1=Q 54. a8=Q Qe3+ 55. Kg2 Qxb6 56. Qf3+ Kc4 57. Qxf5 h4 58. Kf3 Qxb5 59. Qe4+
Kc5 60. Qxh4 Qd3+ 61. Kg4 Qe4+ 62. Kg5 Qe7+ 63. Kh5 Qh7+ 64. Kg4 Qe4+ 65. Kg5
Qe7+ 66. Kg4 Qe4+ 1/2-1/2

[Event "World Blitz Women 2017"]
[Site "Riyadh KSA"]
[Date "2017.12.30"]
[Round "19.27"]
[White "Mkrtchian, Lilit"]
[Black "Batsiashvili, Nino"]
[Result "0-1"]
[WhiteTitle "IM"]
[BlackTitle "IM"]
[WhiteElo "2376"]
[BlackElo "2502"]
[WhiteFideId "13300601"]
[BlackFideId "13602993"]
[EventDate "2017.12.29"]

1. c4 e6 2. g3 d5 3. Bg2 Nf6 4. b3 d4 5. Nf3 Nc6 6. O-O e5 7. d3 Bc5 8. Ba3 Nd7
9. Bxc5 Nxc5 10. b4 Nxb4 11. Nxe5 Qd6 12. a3 Nba6 13. Nf3 O-O 14. Nbd2 Re8 15.
Re1 Bg4 16. Rb1 c6 17. Nb3 Nxb3 18. Qxb3 Nc5 19. Qc2 Rad8 20. h3 Bc8 21. Rbd1 h5
22. Bf1 Bf5 23. Qb2 a5 24. Nh4 Bh7 25. Ng2 Qd7 26. h4 Bf5 27. Nf4 g6 28. Qd2 a4
29. Qb4 Qd6 30. e4 dxe3 31. Rxe3 Rxe3 32. fxe3 Qe5 33. Qe1 Nb3 34. Qf2 Bg4 35.
Re1 Qe7 36. Qb2 Re8 37. Bg2 Qc5 38. Kf2 b5 39. cxb5 cxb5 40. d4 Qd6 41. Qc3 Rc8
42. Qb2 b4 43. axb4 Qxb4 44. Nd5 Qf8 45. Nf6+ Kg7 46. d5 Kh6 47. e4 Qc5+ 48. Re3
Qc2+ 49. Qxc2 Rxc2+ 50. Kg1 Rc1+ 51. Kf2 Rc2+ 52. Kg1 Rb2 53. e5 a3 54. Re1 a2
55. d6 Rb1 0-1

[Event "World Blitz Women 2017"]
[Site "Riyadh KSA"]
[Date "2017.12.30"]
[Round "19.28"]
[White "Papp, Petra"]
[Black "Girya, Olga"]
[Result "1/2-1/2"]
[WhiteTitle "WGM"]
[BlackTitle "WGM"]
[WhiteElo "2313"]
[BlackElo "2484"]
[WhiteFideId "739049"]
[BlackFideId "4195752"]
[EventDate "2017.12.29"]

1. e4 c6 2. d4 d5 3. Nd2 dxe4 4. Nxe4 Bf5 5. Ng3 Bg6 6. h4 h6 7. Nf3 e6 8. Ne5
Bh7 9. Bd3 Bxd3 10. Qxd3 Nd7 11. f4 Be7 12. Bd2 Nxe5 13. fxe5 Bxh4 14. O-O-O
Bxg3 15. Qxg3 Ne7 16. Qxg7 Rg8 17. Qxh6 Qd5 18. Kb1 Qxg2 19. Bb4 Nf5 20. Qf6 Qg7
21. Qxg7 Nxg7 22. Rhg1 O-O-O 23. Rdf1 Nf5 24. c3 b6 25. a4 a5 26. Ba3 Kb7 27.
Ka2 Rh8 28. Rh1 Rdg8 29. Rfg1 Kc7 30. Rxg8 Rxg8 31. Rh7 Rg7 32. Rh8 Rg2 33. Rh7
Rg7 34. Rh8 Rg2 35. Rh7 Rg7 36. Rh8 Rg2 1/2-1/2

[Event "World Blitz Women 2017"]
[Site "Riyadh KSA"]
[Date "2017.12.30"]
[Round "19.29"]
[White "Charkhalashvili, Inga"]
[Black "Nakhbayeva, Guliskhan"]
[Result "1/2-1/2"]
[WhiteTitle "WGM"]
[BlackTitle "WGM"]
[WhiteElo "2355"]
[BlackElo "2314"]
[WhiteFideId "13601431"]
[BlackFideId "13704788"]
[EventDate "2017.12.29"]

1. d4 Nf6 2. c4 e6 3. Nf3 Bb4+ 4. Bd2 Qe7 5. e3 O-O 6. Bd3 Bxd2+ 7. Nbxd2 d6 8.
Qc2 e5 9. O-O Bg4 10. Ne4 Nbd7 11. Nfd2 c6 12. h3 Bh5 13. Ng3 Bg6 14. Nf5 Qe6
15. Ng3 d5 16. cxd5 cxd5 17. Bxg6 hxg6 18. dxe5 Nxe5 19. Ne2 Rac8 20. Qb3 Qd7
21. Rfd1 g5 22. Nf1 g6 23. Nc3 Rfd8 24. Rd2 g4 25. hxg4 Qxg4 26. Nh2 Qh5 27. Rd4
Kg7 28. Qd1 Qh6 29. g3 Rh8 30. Rh4 Qg5 31. Rxh8 Rxh8 32. Kg2 Qh6 33. Qh1 Qh3+
34. Kg1 Qxh2+ 35. Qxh2 Nf3+ 36. Kg2 Nxh2 37. f3 g5 38. g4 Rh4 39. Kg3 b6 40. Ne2
Kg6 41. Nc3 a6 42. Rd1 b5 43. a3 Kg7 44. Ne2 Kg6 45. Nc3 Kg7 46. Ne2 Kg6 47. Nc3
Nhxg4 48. fxg4 Rxg4+ 49. Kf3 Rc4 50. Nxd5 Nd7 51. Ne7+ Kf6 52. Nd5+ Ke6 53. e4
Ne5+ 54. Ke3 Rc2 55. Rf1 g4 56. Rf6+ Kd7 57. Nb6+ Ke7 58. Nd5+ Kf8 59. Kf4 Nd3+
60. Kxg4 Rxb2 61. Rxa6 Nc5 62. Ra8+ Kg7 63. Kf4 Rb3 64. Ra7 Rb1 65. Ne3 Re1 66.
Nf5+ Kg6 67. Ne7+ Kh7 68. e5 Ne6+ 69. Kf5 Rf1+ 70. Ke4 Kg7 71. Nf5+ Kg6 72. Nd6
Rf4+ 73. Ke3 Ra4 74. Nxb5 Rh4 75. Nd6 Nc5 76. Rxf7 Ne4 77. Rf4 Nxd6 78. exd6
Rxf4 79. Kxf4 Kf6 80. Ke4 Ke6 81. Kd4 Kxd6 82. Ke4 1/2-1/2

[Event "World Blitz Women 2017"]
[Site "Riyadh KSA"]
[Date "2017.12.30"]
[Round "19.30"]
[White "Vo, Thi Kim Phung"]
[Black "Sukandar, Irine Kharisma"]
[Result "1-0"]
[WhiteTitle "WGM"]
[BlackTitle "IM"]
[WhiteElo "2380"]
[BlackElo "2384"]
[WhiteFideId "12401838"]
[BlackFideId "7101937"]
[EventDate "2017.12.29"]

1. d4 Nf6 2. c4 e6 3. Nc3 d5 4. cxd5 exd5 5. Bg5 Be7 6. Qc2 O-O 7. e3 c6 8. Bd3
Nbd7 9. Nge2 Re8 10. O-O Nf8 11. Rab1 Ng6 12. b4 a6 13. a4 Ne4 14. Bxe7 Qxe7 15.
Bxe4 dxe4 16. Ng3 f5 17. b5 axb5 18. axb5 Be6 19. bxc6 bxc6 20. Na4 Qf7 21. Nc5
Bd5 22. Rb7 Re7 23. Rxe7 Nxe7 24. Rb1 h5 25. Nd7 h4 26. Ne5 Qf6 27. Nh5 Qg5 28.
Nf4 Qf6 29. h3 Qd6 30. Qd1 g6 31. Rc1 Ra2 32. Ra1 Rb2 33. Qc1 Qb4 34. Nfxg6 Nxg6
35. Nxg6 Qb5 36. Nxh4 Qe2 37. Qe1 Qc2 38. Ng6 Kf7 39. Nf4 Ba2 40. Rc1 Qa4 41.
Qc3 Rb6 42. Qc5 Qb5 43. h4 Ra6 1-0

[Event "World Blitz Women 2017"]
[Site "Riyadh KSA"]
[Date "2017.12.30"]
[Round "19.31"]
[White "Zimina, Olga"]
[Black "Galojan, Lilit"]
[Result "0-1"]
[WhiteTitle "IM"]
[BlackTitle "IM"]
[WhiteElo "2415"]
[BlackElo "2300"]
[WhiteFideId "4132190"]
[BlackFideId "13301314"]
[EventDate "2017.12.29"]

1. Nf3 Nf6 2. c4 e6 3. g3 d5 4. Bg2 dxc4 5. Qa4+ Nbd7 6. Qxc4 c5 7. Qb3 Bd6 8.
O-O O-O 9. a4 Rb8 10. Na3 a6 11. Nc4 Bc7 12. a5 b5 13. axb6 Nxb6 14. Nxb6 Rxb6
15. Qc2 Bd6 16. d3 Nd5 17. Bd2 Nb4 18. Qc1 Bb7 19. Bc3 Qe7 20. Nd2 Bxg2 21. Kxg2
Rfb8 22. Nc4 Rb5 23. Kg1 Ra8 24. Qd2 Nd5 25. Ra2 Nc7 26. Rfa1 h5 27. Qe3 Rab8
28. Qf3 g6 29. Nxd6 Qxd6 30. Qf6 Kf8 31. Be5 Qc6 32. Qg7+ Ke8 33. Bf6 Nd5 34.
Qg8+ Kd7 35. Qxf7+ Kc8 36. Rxa6 R5b6 37. Ra7 R6b7 38. Qg8+ Kd7 39. Qg7+ Kc8 40.
Qh8+ Kd7 41. Be5 Rxh8 42. Bxh8 Nb4 43. Be5 Qb6 44. Ra8 Nc6 45. Bc3 Ra7 46.
R1xa7+ Nxa7 47. Rg8 Nc8 48. Rg7+ Ke8 49. Rxg6 Qb3 50. Rg8+ Kd7 51. Rg7+ Kc6 52.
Kg2 Nd6 53. Rg6 Nb5 54. Bh8 Nd4 55. e3 Qd5+ 56. e4 Qb3 57. Rg8 Kd7 58. Rg7+ Kd6
59. Rg8 Qxb2 60. Rd8+ Kc7 61. Ra8 Qe2 62. Be5+ Kb7 63. Rb8+ Kc6 64. Rc8+ Kb6 65.
Rb8+ Ka5 66. Ra8+ Kb4 67. Rb8+ Kc3 68. Rc8 Kxd3 69. Rxc5 Qxe4+ 70. Kh3 Qg4+ 71.
Kg2 Qf3+ 72. Kh3 Ne2 73. Ra5 Ng1+ 0-1

[Event "World Blitz Women 2017"]
[Site "Riyadh KSA"]
[Date "2017.12.30"]
[Round "19.32"]
[White "Cornette, Deimante"]
[Black "Ordaz Valdes, Lisandra Teresa"]
[Result "1-0"]
[WhiteTitle "IM"]
[BlackTitle "WGM"]
[WhiteElo "2439"]
[BlackElo "2414"]
[WhiteFideId "12802859"]
[BlackFideId "3506940"]
[EventDate "2017.12.29"]

1. e4 e5 2. Nf3 d6 3. d4 exd4 4. Nxd4 Nf6 5. Nc3 Be7 6. Be2 O-O 7. Bf4 Re8 8.
Qd2 a6 9. O-O-O Nbd7 10. g4 Nc5 11. f3 Ne6 12. Be3 Nxd4 13. Bxd4 b5 14. g5 Nd7
15. h4 Bb7 16. Kb1 c5 17. Bf2 b4 18. Nd5 Bxd5 19. Qxd5 Nb6 20. Qd2 Qc7 21. h5 c4
22. Bxb6 Qxb6 23. Bxc4 Kh8 24. g6 h6 25. gxf7 Rf8 26. Rhg1 Rac8 27. Bd5 Bf6 28.
Rg6 Bg5 29. Rxg5 hxg5 30. Qxg5 Qd8 31. Qg6 Qf6 32. Qxf6 gxf6 33. Rg1 Rc7 34.
Rg8+ 1-0

[Event "World Blitz Women 2017"]
[Site "Riyadh KSA"]
[Date "2017.12.30"]
[Round "19.33"]
[White "Gvetadze, Sofio"]
[Black "Gevorgyan, Maria"]
[Result "0-1"]
[WhiteTitle "IM"]
[BlackTitle "WIM"]
[WhiteElo "2289"]
[BlackElo "2275"]
[WhiteFideId "13601440"]
[BlackFideId "13300270"]
[EventDate "2017.12.29"]

1. e4 e5 2. Nf3 Nf6 3. Nxe5 d6 4. Nf3 Nxe4 5. d3 Nf6 6. d4 d5 7. Bd3 Bd6 8. O-O
O-O 9. Nbd2 c6 10. h3 Re8 11. c4 dxc4 12. Nxc4 Bc7 13. Bg5 Nbd7 14. Nce5 Nf8 15.
Qc2 Qd6 16. Rad1 Nd5 17. Bh4 Qh6 18. Bg3 Ne6 19. Rfe1 f6 20. Ng4 Qh5 21. Bc4
Bxg3 22. fxg3 Bd7 23. Re2 b5 24. Bb3 a5 25. a3 Ng5 26. Nfh2 Rxe2 27. Qxe2 Kh8
28. Bxd5 cxd5 29. Qe7 Qf7 30. Re1 Re8 31. Qxf7 Rxe1+ 32. Kf2 Nxf7 33. Kxe1 Nd6
34. Ne3 Be6 35. Nf3 Ne4 36. g4 g6 37. Nd2 Nd6 38. Nb3 a4 39. Nc5 Bf7 40. Nd7 Kg7
41. Nb6 Nc4 42. Nexc4 dxc4 43. d5 Kf8 44. d6 Ke8 45. Kd2 Be6 46. Kc3 h5 47. gxh5
gxh5 48. h4 f5 49. g3 Bd7 50. Kb4 Kd8 51. Kc5 Be8 52. Kd5 Bf7+ 53. Ke5 b4 54.
Nxa4 c3 55. bxc3 bxa3 56. Nc5 a2 57. Nb7+ Kc8 58. d7+ Kxd7 59. Nc5+ Kc6 60. Nd3
a1=Q 61. Nb4+ Kb5 62. Kf6 Qxc3+ 0-1

[Event "World Blitz Women 2017"]
[Site "Riyadh KSA"]
[Date "2017.12.30"]
[Round "19.34"]
[White "Badelka, Olga"]
[Black "Khukhashvili, Sopiko"]
[Result "0-1"]
[WhiteTitle "WIM"]
[BlackTitle "IM"]
[WhiteElo "2388"]
[BlackElo "2312"]
[WhiteFideId "13509926"]
[BlackFideId "13602055"]
[EventDate "2017.12.29"]

1. c4 g6 2. d4 Bg7 3. e4 c5 4. d5 d6 5. Nc3 Nf6 6. f3 O-O 7. Be3 Nbd7 8. Nge2
Ne5 9. Ng3 e6 10. Be2 exd5 11. cxd5 a6 12. a4 Qb6 13. Qc2 h5 14. O-O Qa5 15. h3
h4 16. Nh1 Nh7 17. f4 Nd7 18. Nf2 Ndf6 19. e5 Ne8 20. Nfe4 Bf5 21. Bd3 c4 22.
Bxc4 dxe5 23. Bd3 exf4 24. Bc5 Rc8 25. Bxf8 Nxf8 26. Rxf4 Qb6+ 27. Kh1 Bxe4 28.
Bxe4 Nd6 29. Raf1 f5 30. Bf3 Be5 31. Rxh4 Bg3 32. Rh6 Qe3 33. Rxg6+ Nxg6 34. Qb3
Be5 35. g3 Bxg3 36. Qd1 Kh7 37. Bg2 Qg5 38. Ne2 Be5 39. Rg1 Qh4 40. Qd3 Rc4 41.
Rf1 b5 42. axb5 axb5 43. Qa3 Rc2 44. Qe3 Nc4 45. Qd3 Rd2 46. Qxf5 Rxe2 47. Qf7+
Kh6 48. Qf5 Qg3 0-1

[Event "World Blitz Women 2017"]
[Site "Riyadh KSA"]
[Date "2017.12.30"]
[Round "19.35"]
[White "Munguntuul, Batkhuyag"]
[Black "Tokhirjonova, Gulrukhbegim"]
[Result "1-0"]
[WhiteTitle "IM"]
[BlackTitle "WGM"]
[WhiteElo "2397"]
[BlackElo "2329"]
[WhiteFideId "4900758"]
[BlackFideId "14203626"]
[EventDate "2017.12.29"]

1. e4 e5 2. Nf3 Nc6 3. Bb5 a6 4. Ba4 Nf6 5. Qe2 b5 6. Bb3 Be7 7. c3 d6 8. O-O
O-O 9. Rd1 Bg4 10. h3 Bd7 11. d4 Qc8 12. Nbd2 Nh5 13. Nf1 g6 14. Bh6 Re8 15. Qe3
Bf8 16. Ng3 Nxg3 17. fxg3 Na5 18. Bxf8 Nxb3 19. Qh6 Rxf8 20. Ng5 1-0

[Event "World Blitz Women 2017"]
[Site "Riyadh KSA"]
[Date "2017.12.30"]
[Round "19.36"]
[White "Sedina, Elena"]
[Black "Ding, Yixin"]
[Result "1-0"]
[WhiteTitle "IM"]
[BlackTitle "WGM"]
[WhiteElo "2312"]
[BlackElo "2424"]
[WhiteFideId "812153"]
[BlackFideId "8602972"]
[EventDate "2017.12.29"]

1. e4 c5 2. Nf3 d6 3. Bb5+ Nd7 4. d4 cxd4 5. Qxd4 e5 6. Qd3 Nf6 7. c4 a6 8.
Bxd7+ Bxd7 9. Nc3 Be7 10. Bg5 Be6 11. O-O O-O 12. b3 Qc7 13. Rfd1 Rfd8 14. Rac1
Rac8 15. h3 h6 16. Be3 Nd7 17. Nd5 Bxd5 18. Qxd5 Nf6 19. Qd3 Qc6 20. Nd2 Rd7 21.
f3 Bd8 22. Nf1 Bb6 23. Bxb6 Qxb6+ 24. Qe3 Qc6 25. a4 Rdc7 26. Ra1 Nd7 27. Kh2 a5
28. Qd2 Nc5 29. Qc3 Qb6 30. Ne3 Qxb3 31. Qxb3 Nxb3 32. Ra3 Nd4 33. Rb1 Rb8 34.
Rb6 Rc6 35. Rb1 Kf8 36. Ra2 Ne6 37. Rb5 b6 38. Rab2 Nc7 39. R5b3 Na6 40. Rb5 Nb4
41. Nd5 Rxc4 42. Nxb6 Rbc8 43. Nxc8 Rxc8 44. Rxa5 Nd3 45. Rd2 Nc5 46. Ra7 Rd8
47. a5 Nb3 48. Ra2 d5 49. exd5 Rxd5 50. a6 Nc5 51. Rb7 Nxb7 52. axb7 Rb5 53.
Ra8+ 1-0

[Event "World Blitz Women 2017"]
[Site "Riyadh KSA"]
[Date "2017.12.30"]
[Round "19.37"]
[White "Bulmaga, Irina"]
[Black "Hoolt, Sarah"]
[Result "0-1"]
[WhiteTitle "IM"]
[BlackTitle "WGM"]
[WhiteElo "2427"]
[BlackElo "2405"]
[WhiteFideId "13903063"]
[BlackFideId "24606812"]
[EventDate "2017.12.29"]

1. e4 e6 2. d4 d5 3. Nc3 Nf6 4. Bg5 dxe4 5. Nxe4 Be7 6. Bxf6 gxf6 7. Nf3 f5 8.
Nc3 a6 9. g3 b5 10. Bg2 Bb7 11. O-O c5 12. d5 b4 13. dxe6 bxc3 14. exf7+ Kf8 15.
Qc1 h6 16. bxc3 Nd7 17. Rb1 Be4 18. Rd1 Qc7 19. Ne1 Bxg2 20. Nxg2 Bg5 21. f4 Bf6
22. Qd2 Rd8 23. Qe2 Kxf7 24. Qxa6 Rb8 25. Qc4+ Kg7 26. Rxb8 Rxb8 27. Qe6 Rd8 28.
Ne3 Nf8 29. Nxf5+ Kh7 30. Rxd8 Nxe6 31. Rd5 Bxc3 32. Nh4 Bd4+ 33. Kf1 Qc6 34. c4
Qa4 35. Rf5 Qxc4+ 36. Kg2 Qe2+ 37. Kh3 h5 38. Rf7+ Kg8 39. Ra7 c4 40. Ra8+ Kf7
41. Rb8 Nxf4+ 0-1

[Event "World Blitz Women 2017"]
[Site "Riyadh KSA"]
[Date "2017.12.30"]
[Round "19.38"]
[White "Zozulia, Anna"]
[Black "Kovanova, Baira"]
[Result "1-0"]
[WhiteTitle "IM"]
[BlackTitle "WGM"]
[WhiteElo "2316"]
[BlackElo "2367"]
[WhiteFideId "14102110"]
[BlackFideId "4164083"]
[EventDate "2017.12.29"]

1. e4 e5 2. Nf3 Nc6 3. Nc3 Nf6 4. Bb5 Bb4 5. O-O O-O 6. d3 Bxc3 7. bxc3 d6 8. h3
h6 9. Re1 Ne7 10. d4 Ng6 11. dxe5 dxe5 12. Ba3 c6 13. Bxf8 Qxf8 14. Bc4 Bd7 15.
Qd2 Qc5 16. Bb3 a5 17. a4 Re8 18. Rad1 Nf4 19. Qe3 Qe7 20. Rd2 c5 21. Bd5 Bxa4
22. c4 Bd7 23. Rb1 N6xd5 24. exd5 Qf6 25. Rxb7 Bxh3 26. Ne1 Bg4 27. d6 Rd8 28.
f3 Bf5 29. Qxc5 Qg5 30. Kf1 Ne6 31. Qf2 Nc5 32. Rc7 Ne6 33. Ra7 Nd4 34. c3 Nb3
35. Rd1 Qh5 36. c5 Qh1+ 37. Qg1 Qh4 38. Qe3 Qc4+ 39. Kg1 1-0